[Event "Kampala Kireka op 4th"]
[Site "Kampala"]
[Date "2019.12.28"]
[Round "3"]
[White "Michael, Alier Noah"]
[Black "Kawuma, Patrick"]
[Result "0-1"]
[WhiteElo "1854"]
[BlackElo "2281"]
[PlyCount "86"]
[EventDate "2019.12.27"]
[EventType "swiss"]
[EventRounds "8"]
[EventCountry "UGA"]
[SourceTitle "EXT 2022"]
[Source "ChessBase"]
[SourceDate "2021.10.06"]
[SourceVersion "1"]
[SourceVersionDate "2021.10.06"]
[SourceQuality "1"]

1. e4 c5 2. Nf3 Nc6 3. d4 cxd4 4. Nxd4 e6 5. Nc3 Nf6 6. Nxc6 bxc6 7. e5 Nd5 8. Ne4 Qc7 9. Nd6+ Bxd6 10. exd6 Qxd6 11. Be2 Qe7 12. 0-0 0-0 13. b3 a5 14. Bb2 a4 15. c4 Nf6 16. Be5 d5 17. Qd4 Ne8 18. cxd5 cxd5 19. Bb5 a3 20. Bxe8 Rxe8 21. Bxg7 e5 22. Qxd5 Bb7 23. Qxe5 Qxe5 24. Bxe5 Rxe5 25. Rfd1 Re2 26. Rd7 Bc6 27. Rc7 Bd5 28. Kf1 Rb2 29. Rc3 Re8 30. Rd1 Rxa2 31. Rcd3 Be6 32. h3 Rb2 33. R3d2 Bxb3 34. Rxb2 axb2 35. Rb1 Rb8 36. Rxb2 Bc4+ 37. Kg1 Rxb2 38. f3 Kg7 39. h4 Kf6 40. g3 Ke5 41. Kh1 Kd4 42. g4 Ke3 43. g5 Kf4 0-1